000 02444nam0a22003971 4500
001 RU\NLR\bibl\1291153
005 20250615144237.0
010 _a978-5-94387-469-7
_93000
021 _aRU
_b2008-72285
_94144
035 _a(NLR Aleph) 001276833
090 _a473946
_c473946
100 _a20081101d2008 |||y0rusy50 ca
101 0 _arus
102 _aRU
105 _aa |||||||||
200 1 _aЕгипетский Джед-массаж
_eпошаговая программа массажных техник и приемов
_e[практическое руководство]
_fБ. Киржнер, А. Зотиков
210 _aСанкт-Петербург
_cНаука и Техника
_d2008
215 _a321 с
_cил., цв. ил.
_d24
300 _aНа обл.: Практическое руководство по Джед-массажу: пошаговая программа массажных техник и приемов "Золотая пирамида": ручной сухой, масляный, рефлекторный, стоун, бамбуковый
300 _aНа 4-й с. обл. авт.: Киржнер Борис Вилиевич, врач междунар. категории по восстанов. медицине, Зотиков Алексей Георгиевич, к.м.н., врач высш. категории
320 _aБиблиогр.: с. 314-321 (140 назв.)
512 1 _6z01790
_aПрактическое руководство по Джед-массажу
_eпошаговая программа массажных техник и приемов "Золотая пирамида"
_eручной сухой, масляный, рефлекторный, стоун, бамбуковый
606 1 _aДжед-массаж
_jРуководства, пособия и т.п.
_92544786
_3RU\NLR\auth\661506270
686 _aР354.12я7
700 1 _aКиржнер
_bБ. В.
_gБорис Вилиевич
_4070
701 1 _aЗотиков
_bА. Г.
_gАлексей Георгиевич
_4070
790 1 _6z01
_aКиржнер
_bБ. В.
_gБорис Вилиевич
_4070
790 1 _6z01
_aЗотиков
_bА. Г.
_gАлексей Георгиевич
_4070
801 0 _aRU
_bNLR
_c20081101
_gRCR
801 1 _aRU
_bNLR
_c20081101
852 _aNLR
_bОЛСАА-сл-спр
_j3-4825
942 _cBOOK
980 _aNB
980 1 _aSL_SPR